| 000 | 00401nam a2200157Ia 4500 | ||
|---|---|---|---|
| 008 | 210716s2004 xx 000 0 und d | ||
| 020 | _a0070585857 | ||
| 041 | _aeng | ||
| 082 | _a332.17 KHAM | ||
| 100 | _aKhan, M Y. | ||
| 245 | _aFinancial services. | ||
| 250 | _a7 | ||
| 260 |
_aNew Delhi _bTata McGraw Hill Publishing Company Ltd _c2004 |
||
| 300 | _ax,17.53,A.10,I.6/2013 | ||
| 650 | _aFinance | ||
| 999 |
_c208281 _d208281 |
||